[Event "VII Festival A"]
[Site "Robecchetto con Induno ITA"]
[Date "1995.06.??"]
[Round "6"]
[White "Pagnoncelli, Marco"]
[Black "Vujovic, Milorad"]
[Result "0-1"]
[WhiteElo "2150"]
[BlackElo "2285"]
[PlyCount "100"]
[EventDate "1995.06.22"]

1. e4 c5 2. Nf3 a6 3. d4 cxd4 4. Nxd4 Nf6 5. Nc3 e5 6. Nf5 d5 7. Bg5 Bxf5 8.
exf5 Bb4 9. Bxf6 gxf6 10. Qf3 Nc6 11. O-O-O Bxc3 12. Qxc3 Rc8 13. Qa3 Nd4 14.
Qa4+ b5 15. Qxa6 O-O 16. Qa3 Kh8 17. Qh3 Rxc2+ 18. Kb1 Rc6 19. Rd3 Qc7 20. Rc3
Rc8 21. Rxc6 Qxc6 22. Qc3 Qxc3 23. bxc3 Rxc3 24. g4 b4 25. Bg2 Rc5 26. Rc1
Rxc1+ 27. Kxc1 Ne2+ 28. Kc2 e4 29. Bf1 Nd4+ 30. Kd1 Kg8 31. Ba6 Kf8 32. Bb7 Nb5
33. Kc2 Nc7 34. Kb3 Ke7 35. Kxb4 Kd6 36. a4 Ke5 37. a5 d4 38. Bc6 Kf4 39. Kc4
d3 40. Kc3 Kf3 41. Kd2 Na6 42. Bb7 Nc5 43. a6 Kxf2 44. Bxe4 Nxe4+ 45. Kxd3 Nc5+
46. Kd4 Nxa6 47. Ke4 Nc5+ 48. Kf4 Nd3+ 49. Ke4 Kg2 50. Kxd3 Kxh2 0-1

[Event "ARS Festival"]
[Site "Roma ITA"]
[Date "1995.02.??"]
[Round "?"]
[White "Astolfi, Italo"]
[Black "Bono, Leonardo"]
[Result "0-1"]
[WhiteElo "1600"]
[BlackElo "1711"]
[PlyCount "62"]
[EventDate "1995.02.??"]

1. e4 c5 2. Nf3 Nc6 3. d4 cxd4 4. Nxd4 Nf6 5. Nc3 d6 6. f3 g6 7. Be3 Bg7 8. Qd2
O-O 9. g4 Bd7 10. h4 h5 11. g5 Ne8 12. O-O-O a6 13. Nd5 e6 14. Nxc6 bxc6 15.
Nc3 Qa5 16. Bd4 e5 17. Be3 Be6 18. b3 d5 19. Na4 Qc7 20. Nc5 d4 21. Bf2 Nd6 22.
a4 Bc8 23. Be1 a5 24. Kb1 Qb6 25. Nd3 Be6 26. Nb2 Rfc8 27. Bd3 c5 28. Ka1 c4
29. Nxc4 Nxc4 30. bxc4 Qc6 31. c3 Qxa4+ 0-1

[Event "ARS Festival"]
[Site "Roma ITA"]
[Date "1995.02.??"]
[Round "?"]
[White "Astolfi, Italo"]
[Black "Farina, Saverio"]
[Result "0-1"]
[WhiteElo "1600"]
[BlackElo "2120"]
[PlyCount "78"]
[EventDate "1995.02.??"]

1. e4 e6 2. d4 d5 3. Nc3 c5 4. Nf3 Nc6 5. Be3 Nf6 6. exd5 exd5 7. dxc5 Be7 8.
h3 O-O 9. Be2 Re8 10. O-O Bf5 11. a3 a5 12. Bd3 Ne4 13. Bxe4 dxe4 14. Nd4 Nxd4
15. Bxd4 Qd7 16. Be3 Qe6 17. Qe2 Qg6 18. Kh1 Bf6 19. Na4 Be5 20. Rad1 Qe6 21.
g4 Bg6 22. Rg1 f5 23. Bd4 Bc7 24. gxf5 Qxf5 25. Qg4 Re7 26. Qxf5 Bxf5 27. h4 e3
28. fxe3 Bxc2 29. Nc3 Bxd1 30. Nxd1 Be5 31. Nc3 Rd8 32. Rd1 Kf7 33. Kg2 Kg6 34.
b4 axb4 35. axb4 Kh5 36. Rh1 Bxd4 37. exd4 Rxd4 38. b5 Rd2+ 39. Kf1 Re3 0-1

[Event "ARS Festival"]
[Site "Roma ITA"]
[Date "1995.02.??"]
[Round "?"]
[White "Astolfi, Italo"]
[Black "Marino Bravo, Marco Antonio"]
[Result "1/2-1/2"]
[WhiteElo "1600"]
[BlackElo "2165"]
[PlyCount "82"]
[EventDate "1995.02.??"]

1. e4 c5 2. Nf3 Nc6 3. d4 cxd4 4. Nxd4 Nf6 5. Nc3 e5 6. Nf3 Bb4 7. Bd3 d5 8.
exd5 Qxd5 9. O-O Bxc3 10. bxc3 O-O 11. Be2 Qc5 12. Qe1 Nd5 13. c4 Nf4 14. Bxf4
exf4 15. Qc3 Be6 16. Rab1 Rab8 17. Rb5 Qe7 18. Rd1 a6 19. Rbb1 Qc5 20. Nd4 b5
21. Nxe6 fxe6 22. Rd7 e5 23. Rd5 Nd4 24. Bd3 Qc7 25. c5 Rfd8 26. Rxd8+ Rxd8 27.
Re1 Rd5 28. Qa3 Rxc5 29. Qxa6 Qc8 30. Qxc8+ Rxc8 31. Rxe5 f3 32. g3 Nxc2 33.
Rxb5 Nd4 34. Rb1 Rc3 35. Bf1 Rc2 36. Ra1 Ne2+ 37. Bxe2 fxe2 38. Re1 Rxa2 39. f4
g6 40. Kf2 Kg7 41. Rxe2 Ra3 1/2-1/2

[Event "ARS Festival"]
[Site "Roma ITA"]
[Date "1995.02.??"]
[Round "?"]
[White "Astolfi, Italo"]
[Black "Marta, Daniele"]
[Result "1-0"]
[WhiteElo "1600"]
[BlackElo "1600"]
[PlyCount "95"]
[EventDate "1995.02.??"]

1. e4 e6 2. d4 d5 3. Nc3 dxe4 4. Nxe4 Nd7 5. Bb5 Be7 6. Nf3 c6 7. Bd3 Ngf6 8.
O-O Nxe4 9. Bxe4 Nf6 10. Bd3 b6 11. c3 Bb7 12. Ne5 O-O 13. Re1 c5 14. dxc5 Bxc5
15. Be3 Qd5 16. Nf3 Be7 17. Bd4 Rad8 18. Qe2 Qh5 19. Ne5 Qxe2 20. Rxe2 Nd7 21.
Rd1 Nxe5 22. Bxe5 Ba6 23. Red2 Bxd3 24. Rxd3 Rxd3 25. Rxd3 Rd8 26. Rxd8+ Bxd8
27. c4 f6 28. Bd6 Kf7 29. Kf1 Be7 30. Bxe7 Kxe7 31. Ke2 Kd6 32. Kd3 a5 33. b3
Kc5 34. a3 f5 35. f4 h6 36. h4 g6 37. Kc3 h5 38. b4+ axb4+ 39. axb4+ Kc6 40.
Kd4 Kd6 41. c5+ bxc5+ 42. bxc5+ Kc6 43. Kc4 Kd7 44. Kb5 Kc7 45. c6 e5 46. fxe5
f4 47. e6 Kd6 48. Kb6 1-0

[Event "ARS Festival"]
[Site "Roma ITA"]
[Date "1995.02.??"]
[Round "?"]
[White "Baldini, Savino"]
[Black "Astolfi, Italo"]
[Result "1/2-1/2"]
[WhiteElo "1788"]
[BlackElo "1600"]
[PlyCount "92"]
[EventDate "1995.02.??"]

1. d4 Nf6 2. c4 g6 3. Nc3 Bg7 4. e4 d6 5. Be2 O-O 6. Bg5 h6 7. Bf4 Nbd7 8. Qd2
g5 9. Be3 e5 10. g4 exd4 11. Bxd4 Ne5 12. f3 Ng6 13. h4 Nxh4 14. O-O-O Ne8 15.
Bxg7 Kxg7 16. f4 f6 17. f5 b6 18. Rxh4 gxh4 19. Nf3 Rh8 20. Nxh4 Rh7 21. Ng6
Bb7 22. Nf4 Kg8 23. Ne6 Qe7 24. Nd5 Bxd5 25. Qxd5 c6 26. Qxc6 Rb8 27. Bf3 Qd7
28. Qd5 Kh8 29. Nf4 Qf7 30. Ne6 Nc7 31. Qxd6 Rc8 32. b3 Nxe6 33. fxe6 Qe7 34.
e5 fxe5 35. Qxe5+ Rg7 36. Rd7 Qg5+ 37. Qxg5 hxg5 38. Bd5 Re8 39. Kb2 Rge7 40.
Kc3 Kg7 41. b4 Kf6 42. Kd4 Rb8 43. Rxe7 Kxe7 44. Ke5 Rc8 45. Kf5 Rg8 46. Ke5
Rc8 1/2-1/2

[Event "ARS Festival"]
[Site "Roma ITA"]
[Date "1995.02.??"]
[Round "?"]
[White "Baldini, Savino"]
[Black "Russo, Roberto"]
[Result "1/2-1/2"]
[WhiteElo "1788"]
[BlackElo "1570"]
[PlyCount "52"]
[EventDate "1995.02.??"]

1. d4 Nf6 2. c4 g6 3. Nc3 Bg7 4. e4 d6 5. Be2 O-O 6. Bg5 c5 7. d5 Na6 8. h4 h5
9. Nh3 Nc7 10. f3 a6 11. a4 Bd7 12. a5 Nh7 13. Bd2 e6 14. Nf2 exd5 15. exd5 Qe7
16. Nd3 Rfe8 17. Ne4 Bf5 18. Ndf2 Be5 19. Bc3 Bxe4 20. Nxe4 Nf6 21. Bxe5 Qxe5
22. Nxf6+ Qxf6 23. Qd2 Re7 24. Kf2 Rae8 25. Rae1 Re3 26. g3 R8e7 1/2-1/2

[Event "ARS Festival"]
[Site "Roma ITA"]
[Date "1995.02.??"]
[Round "?"]
[White "Barro, Carlo"]
[Black "Del Mese, Sergio"]
[Result "0-1"]
[WhiteElo "1636"]
[BlackElo "1618"]
[PlyCount "120"]
[EventDate "1995.02.??"]

1. d4 Nf6 2. c4 c5 3. d5 b5 4. Qc2 b4 5. e4 d6 6. Be2 g6 7. Nf3 Nbd7 8. O-O Bg7
9. Ng5 h6 10. Nf3 a5 11. Be3 a4 12. Nbd2 Ng4 13. Rab1 a3 14. b3 Nxe3 15. fxe3
Ne5 16. Nxe5 Bxe5 17. Nf3 Bc3 18. Bd3 Bg4 19. Nh4 e5 20. Qf2 Qe7 21. h3 Bd7 22.
Qf6 Rh7 23. g4 g5 24. Ng2 h5 25. Be2 hxg4 26. Bxg4 Bxg4 27. hxg4 Qxf6 28. Rxf6
Ke7 29. Rbf1 Rah8 30. R1f5 Rh1+ 31. Kf2 R8h7 32. Kg3 Ra1 33. Rf2 Bb2 34. Nh4
gxh4+ 35. Kh2 Rxa2 36. g5 Ra1 37. g6 fxg6 38. Re6+ Kd7 39. Rff6 a2 40. Rxd6+
Ke7 41. Rfe6+ Kf8 42. Ra6 Rf7 43. Rxg6 Rf2+ 44. Rg2 Rxg2+ 45. Kxg2 Rg1+ 46.
Kxg1 a1=Q+ 47. Rxa1 Bxa1 48. Kh2 Bc3 49. Kg2 Bd2 50. Kh3 Bxe3 51. Kxh4 Kf7 52.
Kg4 Kf6 53. Kh5 Bf4 54. Kh4 Bh6 55. Kh5 Bf8 56. Kh4 Kg6 57. Kg4 Be7 58. Kg3 Kg5
59. Kf3 Kh4 60. Ke3 Kg3 0-1

[Event "ARS Festival"]
[Site "Roma ITA"]
[Date "1995.02.??"]
[Round "?"]
[White "Barro, Carlo"]
[Black "Proietti, Giorgio"]
[Result "1-0"]
[WhiteElo "1636"]
[BlackElo "1612"]
[PlyCount "85"]
[EventDate "1995.02.??"]

1. e4 e6 2. d4 d5 3. exd5 exd5 4. Bd3 Bd6 5. Nf3 Nf6 6. O-O O-O 7. Bg5 Be6 8.
c3 c6 9. Qc2 h6 10. Bh4 Nbd7 11. Nbd2 Qc7 12. Rae1 Nh5 13. Bg3 Nf4 14. Bxf4
Bxf4 15. g3 Bxd2 16. Qxd2 Bh3 17. Re7 Bxf1 18. Kxf1 Rae8 19. Qe3 Qd8 20. Rxe8
Rxe8 21. Qf4 Qe7 22. Qf5 g6 23. Qf4 Kg7 24. Kg2 c5 25. Bb5 a6 26. Bxd7 Qxd7 27.
dxc5 Re4 28. Qd2 Qc6 29. b4 Qe6 30. Nd4 Qe8 31. Nf3 Re2 32. Qxd5 Qe3 33. Qd4+
Qxd4 34. cxd4 Rxa2 35. d5 a5 36. b5 Rc2 37. c6 bxc6 38. dxc6 Rc4 39. Nd4 Rxd4
40. c7 Rc4 41. b6 a4 42. b7 Rxc7 43. b8=Q 1-0

[Event "ARS Festival"]
[Site "Roma ITA"]
[Date "1995.02.??"]
[Round "?"]
[White "Bellincampi, Stefano"]
[Black "Astolfi, Italo"]
[Result "1/2-1/2"]
[WhiteElo "2060"]
[BlackElo "1600"]
[PlyCount "69"]
[EventDate "1995.02.??"]

1. d4 Nf6 2. c4 g6 3. Nc3 Bg7 4. e4 d6 5. f3 O-O 6. Bg5 Nbd7 7. Qd2 e5 8. d5 a5
9. Nge2 Nc5 10. g4 Bd7 11. Ng3 Qc8 12. Be2 Ne8 13. O-O-O f6 14. Bh6 g5 15. Bxg7
Nxg7 16. h4 h6 17. hxg5 hxg5 18. Rh2 Be8 19. Rdh1 Bg6 20. Rh6 Kf7 21. Bf1 Qe8
22. Nb5 Qd7 23. Kb1 b6 24. Qh2 Rg8 25. Rxg6 Kxg6 26. Qh7+ Kf7 27. Rh6 Rh8 28.
Qg6+ Kg8 29. Rxh8+ Kxh8 30. Qxf6 Qd8 31. Qxd8+ Rxd8 32. Nxc7 Kg8 33. Kc2 Kf7
34. Be2 Ke7 35. b3 1/2-1/2

[Event "ARS Festival"]
[Site "Roma ITA"]
[Date "1995.02.??"]
[Round "?"]
[White "Bellincampi, Stefano"]
[Black "Ludovici, Roberto"]
[Result "1/2-1/2"]
[WhiteElo "2060"]
[BlackElo "1827"]
[PlyCount "32"]
[EventDate "1995.02.??"]

1. d4 Nf6 2. Bg5 c5 3. Nc3 cxd4 4. Qxd4 Nc6 5. Qh4 h6 6. Nf3 Qa5 7. O-O-O d6 8.
Bxf6 gxf6 9. e3 Be6 10. Bc4 Bxc4 11. Qxc4 e6 12. e4 O-O-O 13. Nd4 Qb4 14. Qxb4
Nxb4 15. a3 Na6 16. Rd2 h5 1/2-1/2

[Event "ARS Festival"]
[Site "Roma ITA"]
[Date "1995.02.??"]
[Round "?"]
[White "Bellincampi, Stefano"]
[Black "Michelena, Rodolfo"]
[Result "1/2-1/2"]
[WhiteElo "2060"]
[BlackElo "1600"]
[PlyCount "107"]
[EventDate "1995.02.??"]

1. d4 d5 2. c4 e6 3. Nc3 Nf6 4. cxd5 exd5 5. Bg5 Be7 6. e3 c6 7. Qc2 Bg4 8. Bd3
Nbd7 9. Nge2 Bxe2 10. Qxe2 h6 11. Bh4 g5 12. Bg3 Nf8 13. h3 Bd6 14. Bxd6 Qxd6
15. a3 a5 16. Rc1 Ng6 17. Na4 Nd7 18. Nc5 Nxc5 19. Rxc5 O-O 20. Bb1 f5 21. Qc2
Qf6 22. b4 axb4 23. axb4 Rae8 24. O-O h5 25. b5 Re6 26. Rc1 Ne7 27. bxc6 bxc6
28. Qd3 g4 29. hxg4 hxg4 30. g3 Rf7 31. Re1 Rh7 32. Kf1 Rh1+ 33. Ke2 Rxe1+ 34.
Kxe1 Qh8 35. Rc1 Qh1+ 36. Kd2 Qg2 37. Qf1 Qh2 38. Rc3 Kf7 39. Ra3 Kf6 40. Bd3
Qh8 41. Qa1 Qb8 42. Qc3 Rd6 43. Rb3 Qa7 44. Qb2 Rd7 45. Rb6 Rc7 46. Ra6 Qb7 47.
Qxb7 Rxb7 48. Kc3 Ke6 49. Ra8 Rc7 50. Rh8 Ng6 51. Rh6 Kf6 52. Rh5 Ne7 53. Rh7
Ra7 54. Bb1 1/2-1/2

[Event "ARS Festival"]
[Site "Roma ITA"]
[Date "1995.02.??"]
[Round "?"]
[White "Bellincampi, Stefano"]
[Black "Russo, Roberto"]
[Result "1/2-1/2"]
[WhiteElo "2060"]
[BlackElo "1570"]
[PlyCount "98"]
[EventDate "1995.02.??"]

1. d4 Nf6 2. c4 g6 3. Nc3 Bg7 4. e4 d6 5. f3 O-O 6. Bg5 Nbd7 7. Qd2 c5 8. d5 a6
9. Nh3 Ne8 10. Nf2 Ndf6 11. Be2 Bd7 12. Bh6 e5 13. h4 Nh5 14. Bxg7 Kxg7 15. g4
Nf4 16. Nd3 Ng2+ 17. Kd1 Nxh4 18. g5 Ng2 19. Rh2 Nf4 20. Nxf4 exf4 21. Qxf4 Qe7
22. Qh4 Rh8 23. Bd3 Nc7 24. Kc2 b5 25. Rah1 h5 26. gxh6+ Kf8 27. Qxe7+ Kxe7 28.
b3 bxc4 29. bxc4 Ne8 30. Ne2 Nf6 31. Ng3 Rh7 32. Kc3 Rah8 33. Be2 Ng8 34. Rb1
Rxh6 35. Rxh6 Nxh6 36. Rb7 Ra8 37. f4 Ke8 38. Rb6 Ke7 39. e5 dxe5 40. fxe5 Nf5
41. Ne4 Rc8 42. Rxa6 Nd4 43. Bd1 g5 44. Nxg5 Rg8 45. d6+ Kd8 46. Nxf7+ Ke8 47.
Nh6 Rg3+ 48. Kd2 Rg2+ 49. Kc1 Kd8 1/2-1/2

[Event "ARS Festival"]
[Site "Roma ITA"]
[Date "1995.02.??"]
[Round "?"]
[White "Bernardi, Giancarlo"]
[Black "Guarnieri, Giuseppe"]
[Result "0-1"]
[WhiteElo "1588"]
[BlackElo "1752"]
[PlyCount "88"]
[EventDate "1995.02.??"]

1. d4 Nf6 2. Nf3 g6 3. Bf4 d6 4. h3 Bg7 5. Nbd2 O-O 6. c3 b6 7. Qc2 c5 8. e3
cxd4 9. exd4 Nc6 10. Bd3 e5 11. Be3 Nd5 12. O-O exd4 13. Nxd4 Ne5 14. Rfe1 Nxd3
15. Qxd3 Bb7 16. N2f3 Nxe3 17. Rxe3 Bh6 18. Re2 Re8 19. Rxe8+ Qxe8 20. Re1 Qa4
21. a3 Re8 22. Qd1 Rxe1+ 23. Qxe1 Qd7 24. Qe2 Kf8 25. Nd2 Qe7 26. Qd1 Qg5 27.
N2f3 Qf4 28. Qa4 Qc1+ 29. Kh2 Bf4+ 30. g3 Qxb2 31. Ne6+ fxe6 32. Qxf4+ Ke7 33.
Ng5 Kd7 34. Qf7+ Kc6 35. Qe8+ Kc5 36. Nxe6+ Kc4 37. Qa4+ Kxc3 38. Qd4+ Kb3 39.
Qb4+ Ka2 40. Qc4+ Ka1 41. Qf1+ Qb1 42. Qxb1+ Kxb1 43. Nf8 d5 44. Nxh7 d4 0-1

[Event "ARS Festival"]
[Site "Roma ITA"]
[Date "1995.02.??"]
[Round "?"]
[White "Bernardi, Giancarlo"]
[Black "Raccah, Ascer"]
[Result "0-1"]
[WhiteElo "1588"]
[BlackElo "1558"]
[PlyCount "82"]
[EventDate "1995.02.??"]

1. d4 Nf6 2. Nf3 e6 3. Bf4 c5 4. e3 d5 5. Nbd2 Qb6 6. b3 Nc6 7. c3 cxd4 8. exd4
Ba3 9. Rb1 a5 10. Bd3 O-O 11. h3 Bd7 12. O-O Rfc8 13. Ne5 Nxe5 14. Bxe5 Rxc3
15. Bxf6 Rxd3 16. Qg4 g6 17. Nf3 Qd6 18. Qh4 Bb5 19. Ng5 h5 20. g4 Qf4 21. Be5
Rxh3 22. Nxh3 Qxg4+ 23. Qxg4 hxg4 24. Nf4 Bxf1 25. Rxf1 Rc8 26. Kg2 Bf8 27. Re1
Rc2 28. Re2 Rc3 29. Kf1 Kh7 30. Ke1 Kh6 31. Kd1 Kg5 32. Rc2 Rxc2 33. Kxc2 Kf5
34. Ng2 Ke4 35. Kd2 Kf3 36. Ne3 Bb4+ 37. Kd1 f5 38. Nc2 Kxf2 39. Bf4 g3 40.
Be3+ Kf3 41. Bg1 f4 0-1

[Event "ARS Festival"]
[Site "Roma ITA"]
[Date "1995.02.??"]
[Round "?"]
[White "Bernardi, Giancarlo"]
[Black "Righetti, Gianfranco"]
[Result "1-0"]
[WhiteElo "1588"]
[BlackElo "1660"]
[PlyCount "85"]
[EventDate "1995.02.??"]

1. d4 d5 2. Nf3 e6 3. Bf4 Nf6 4. e3 Bd6 5. Ne5 O-O 6. Nd2 Nbd7 7. Ndf3 Re8 8.
h3 Ne4 9. Be2 f6 10. Nd3 e5 11. dxe5 fxe5 12. Ndxe5 c6 13. Nd3 Bxf4 14. Nxf4
Ne5 15. O-O Nxf3+ 16. Bxf3 Qg5 17. Qd4 Qe5 18. Rad1 Bf5 19. c4 Qxd4 20. Rxd4
dxc4 21. Bxe4 Rxe4 22. Rfd1 Rae8 23. Rd8 Kf7 24. g4 Bc8 25. R1d4 Rxd4 26. Rxd4
Be6 27. Nxe6 Rxe6 28. Rxc4 Rd6 29. Rc2 Rd1+ 30. Kg2 Ke6 31. b4 Ra1 32. b5 Kd7
33. bxc6+ bxc6 34. Kg3 Rd1 35. h4 Ra1 36. Kf4 Rh1 37. h5 Rd1 38. e4 Kc7 39. Kf5
Kd7 40. f4 Kc7 41. e5 Kd7 42. e6+ Ke7 43. Rxc6 1-0

[Event "ARS Festival"]
[Site "Roma ITA"]
[Date "1995.02.??"]
[Round "?"]
[White "Bernardi, Giancarlo"]
[Black "Tersigni, Andrea"]
[Result "1-0"]
[WhiteElo "1588"]
[BlackElo "1633"]
[PlyCount "79"]
[EventDate "1995.02.??"]

1. d4 f5 2. Nc3 Nf6 3. Bg5 e6 4. e4 fxe4 5. Nxe4 Be7 6. Bxf6 Bxf6 7. Nf3 O-O 8.
Bd3 Nc6 9. c3 d5 10. Nxf6+ Qxf6 11. O-O e5 12. dxe5 Nxe5 13. Nxe5 Qxe5 14. Qc2
Bf5 15. Rae1 Bxd3 16. Qxd3 Qd6 17. Re2 Rf7 18. Rfe1 Raf8 19. g3 Rf3 20. Qb5 b6
21. Rd1 c6 22. Qa4 a5 23. Qd4 b5 24. c4 bxc4 25. Qxc4 Rd8 26. Qg4 Rf6 27. Rde1
Qf8 28. f4 d4 29. Re5 c5 30. Qh5 g6 31. Qf3 Qd6 32. Qd3 Qc6 33. Qc4+ Kg7 34.
Rxc5 Qf3 35. Rc7+ Kh6 36. Ree7 Kh5 37. Rxh7+ Kg4 38. Rh4+ Kf5 39. Rc5+ Ke4 40.
Re5# 1-0

[Event "ARS Festival"]
[Site "Roma ITA"]
[Date "1995.02.??"]
[Round "?"]
[White "Bono, Leonardo"]
[Black "Buffoni, Luca"]
[Result "1-0"]
[WhiteElo "1711"]
[BlackElo "1561"]
[PlyCount "116"]
[EventDate "1995.02.??"]

1. b3 e5 2. Bb2 Nc6 3. g3 d5 4. Bg2 Nf6 5. c4 d4 6. d3 Bb4+ 7. Nd2 Qe7 8. a3
Bxd2+ 9. Qxd2 Bf5 10. b4 e4 11. dxe4 Nxe4 12. Qf4 Bg6 13. Rd1 Nc3 14. Bxc6+
bxc6 15. Rxd4 Na4 16. Ba1 Rb8 17. c5 O-O 18. h4 Bc2 19. h5 Nxc5 20. Qg4 Ne6 21.
Rd2 Bb3 22. Bxg7 Nxg7 23. h6 f5 24. Qxg7+ Qxg7 25. hxg7 Rfd8 26. Rh5 Be6 27.
Nf3 Rxd2 28. Kxd2 Kxg7 29. Nd4 Kg6 30. Rh4 Bd7 31. Nb3 Be8 32. Nc5 Bf7 33. f3
Rd8+ 34. Kc3 Rd1 35. Rd4 Rg1 36. g4 fxg4 37. fxg4 Rg3+ 38. Nd3 Be6 39. Re4 Bxg4
40. Kd4 Kf6 41. e3 h5 42. Ne5 Bc8 43. Nxc6 Rg4 44. Nxa7 Rxe4+ 45. Kxe4 Bd7 46.
Kf4 h4 47. b5 h3 48. Kg3 Ke5 49. a4 Kd5 50. Nc6 Kc5 51. e4 Kb6 52. e5 Be6 53.
a5+ Kxb5 54. Nd4+ Kxa5 55. Nxe6 Kb6 56. Kxh3 c5 57. Kg4 Kc6 58. Kf5 Kd5 1-0

[Event "ARS Festival"]
[Site "Roma ITA"]
[Date "1995.02.??"]
[Round "?"]
[White "Bono, Leonardo"]
[Black "Galeno, Giorgio"]
[Result "1/2-1/2"]
[WhiteElo "1711"]
[BlackElo "1635"]
[PlyCount "31"]
[EventDate "1995.02.??"]

1. e3 e5 2. b3 d5 3. Bb2 Nd7 4. g3 Ngf6 5. Bg2 Bd6 6. Ne2 O-O 7. O-O c5 8. c4
Nb6 9. cxd5 Nfxd5 10. d4 exd4 11. exd4 Be6 12. dxc5 Bxc5 13. Nd4 Bd7 14. Qh5
Bxd4 15. Bxd4 Nf6 16. Qh4 1/2-1/2

[Event "ARS Festival"]
[Site "Roma ITA"]
[Date "1995.02.??"]
[Round "?"]
[White "Bono, Leonardo"]
[Black "Maddaloni, Giovanni"]
[Result "1-0"]
[WhiteElo "1711"]
[BlackElo "1637"]
[PlyCount "84"]
[EventDate "1995.02.??"]

1. g3 e5 2. Bg2 Nc6 3. d3 f5 4. c4 Nf6 5. Nc3 g6 6. e3 Bg7 7. Nge2 O-O 8. O-O
a5 9. e4 d6 10. exf5 Bxf5 11. a3 h6 12. h3 Qd7 13. g4 Be6 14. Ng3 Nd8 15. Qc2
c6 16. Na4 Ra6 17. Be3 c5 18. Nc3 Nc6 19. Rae1 Re8 20. Qd2 g5 21. Nce4 Nxe4 22.
Nxe4 Nd4 23. Bxd4 exd4 24. f4 gxf4 25. Rxf4 Qe7 26. Ref1 d5 27. cxd5 Bxd5 28.
Qf2 c4 29. Nf6+ Bxf6 30. Bxd5+ Kg7 31. Bxc4 Rb6 32. Kg2 Rf8 33. h4 Bxh4 34.
Qxd4+ Rbf6 35. Re4 Qc7 36. Rfe1 Kg6 37. Re6 b5 38. Qe4+ Kg7 39. Re7+ Qxe7 40.
Qxe7+ Kh8 41. Qe5 bxc4 42. dxc4 42... Kg7 {...} 1-0

[Event "ARS Festival"]
[Site "Roma ITA"]
[Date "1995.02.??"]
[Round "?"]
[White "Bono, Leonardo"]
[Black "Madeddu, Luigi"]
[Result "1-0"]
[WhiteElo "1711"]
[BlackElo "1627"]
[PlyCount "53"]
[EventDate "1995.02.??"]

1. g3 Nf6 2. Bg2 e6 3. d3 Be7 4. e4 d6 5. f4 Nbd7 6. Nf3 O-O 7. O-O b6 8. e5
Nd5 9. c4 Nb4 10. Nd4 d5 11. a3 Bc5 12. axb4 Bxd4+ 13. Kh1 Bb7 14. Nc3 Bxc3 15.
bxc3 c6 16. cxd5 cxd5 17. d4 b5 18. Qg4 g6 19. Qh3 a5 20. f5 gxf5 21. Bh6 Re8
22. g4 f4 23. Rxf4 a4 24. Qh5 Qe7 25. Raf1 Rf8 26. Rf6 a3 27. Qg5+ 1-0

[Event "ARS Festival"]
[Site "Roma ITA"]
[Date "1995.02.??"]
[Round "?"]
[White "Buffoni, Luca"]
[Black "Barro, Carlo"]
[Result "0-1"]
[WhiteElo "1561"]
[BlackElo "1636"]
[PlyCount "88"]
[EventDate "1995.02.??"]

1. e4 c5 2. f4 e6 3. Nf3 d6 4. Nc3 a6 5. d4 cxd4 6. Nxd4 Nc6 7. Be3 Bd7 8. Be2
Nf6 9. O-O Be7 10. Qe1 Qc7 11. Bf3 Nxd4 12. Bxd4 e5 13. Be3 Be6 14. Qg3 h5 15.
fxe5 dxe5 16. Nd5 Bxd5 17. exd5 h4 18. Qf2 Bd6 19. Be2 Rc8 20. c4 Ne4 21. Qf5
Nf6 22. a3 e4 23. Bf4 Qc5+ 24. Kh1 Rd8 25. b4 Qd4 26. Rad1 Qb2 27. Bxd6 Rxd6
28. c5 Rd8 29. Bc4 Rh5 30. Qf4 h3 31. gxh3 Rxh3 32. Rf2 Qc3 33. Rc1 Qxa3 34.
Qe5+ Kf8 35. Rcf1 Rf3 36. Rxf3 exf3 37. d6 Re8 38. Qf5 Qxb4 39. Ba2 Re1 40.
Qxf3 Rxf1+ 41. Qxf1 Qxc5 42. d7 Qc6+ 43. Kg1 Qxd7 44. Qc4 Qg4+ 0-1

[Event "ARS Festival"]
[Site "Roma ITA"]
[Date "1995.02.??"]
[Round "?"]
[White "Buffoni, Luca"]
[Black "Franchi, Jose' Maria"]
[Result "0-1"]
[WhiteElo "1561"]
[BlackElo "1630"]
[PlyCount "85"]
[EventDate "1995.02.??"]

1. e4 c5 2. Nf3 d6 3. d4 cxd4 4. Nxd4 Nf6 5. Nc3 a6 6. Be3 e6 7. Be2 b5 8. a3
Bb7 9. Bf3 Nbd7 10. O-O Nc5 11. Bg5 Be7 12. Re1 O-O 13. b4 Ncd7 14. e5 Bxf3 15.
Nxf3 dxe5 16. Nxe5 Nxe5 17. Rxe5 Qc7 18. Qe1 Rfe8 19. Bf4 Qc4 20. Bd2 Red8 21.
Rc1 Bd6 22. Re2 Rac8 23. Ne4 Nxe4 24. Rxe4 Qa2 25. Bg5 f6 26. Bh4 e5 27. f4
Rxc2 28. Rxc2 Qxc2 29. Re2 Qb3 30. Re3 Qc2 31. Re2 Qa4 32. Rd2 e4 33. Qxe4 Bc5+
34. Kf1 Rxd2 35. Qe8+ Bf8 36. Qe6+ Kh8 37. Qe8 Qd1+ 38. Be1 Rd8 39. Qe6 Qd3+
40. Kg1 h6 41. h3 Qxa3 42. Kh2 Bxb4 43. Bh4 0-1

[Event "ARS Festival"]
[Site "Roma ITA"]
[Date "1995.02.??"]
[Round "?"]
[White "Buffoni, Luca"]
[Black "Galeno, Giorgio"]
[Result "0-1"]
[WhiteElo "1561"]
[BlackElo "1635"]
[PlyCount "104"]
[EventDate "1995.02.??"]

1. e4 d6 2. d4 Nf6 3. Bd3 e5 4. c3 d5 5. Bg5 dxe4 6. Bxe4 h6 7. Bxf6 Qxf6 8.
Nf3 exd4 9. Qe2 Be7 10. Nxd4 O-O 11. O-O c6 12. Nd2 Nd7 13. Rfe1 Bc5 14. N2f3
Nb6 15. Bc2 Bd7 16. Qe4 g6 17. Qe3 Kg7 18. Qe5 Bxd4 19. Nxd4 Rfe8 20. Qc7 c5
21. Nf3 Bc6 22. Qg3 Bxf3 23. gxf3 Nd5 24. Rad1 Nf4 25. Kf1 Rxe1+ 26. Kxe1 h5
27. c4 Re8+ 28. Be4 Qf5 29. Kf1 Rxe4 30. fxe4 Qxe4 31. Re1 Qxc4+ 32. Kg1 Ne2+
33. Rxe2 Qxe2 34. Qc3+ Kh7 35. Qxc5 Qe1+ 36. Kg2 Qe4+ 37. Kg1 Qb1+ 38. Kg2 Qxa2
39. Qb5 b6 40. b3 Qc2 41. Qd5 Qc7 42. Kg1 a5 43. Qb5 Qb7 44. Qa4 Qd5 45. Qa2 b5
46. Qc2 Qf5 47. Qa2 Qe6 48. Qc2 a4 49. bxa4 Qg4+ 50. Kh1 Qxa4 51. Qc6 Qc4 52.
Qb7 Qf1# 0-1

[Event "ARS Festival"]
[Site "Roma ITA"]
[Date "1995.02.??"]
[Round "?"]
[White "Casula, Stefano"]
[Black "Astolfi, Italo"]
[Result "0-1"]
[WhiteElo "1978"]
[BlackElo "1600"]
[PlyCount "112"]
[EventDate "1995.02.??"]

1. e4 e5 2. Nc3 Nf6 3. g3 Nc6 4. Bg2 Bc5 5. Nge2 d6 6. h3 a6 7. O-O Be6 8. d3
h6 9. Kh2 Qd7 10. f4 Qe7 11. a3 O-O-O 12. b4 Ba7 13. b5 Nd4 14. bxa6 bxa6 15.
a4 Bd7 16. Ba3 g5 17. f5 c5 18. Qd2 Bc6 19. Rfb1 Qc7 20. Ra2 Kd7 21. Nd5 Nxd5
22. exd5 Ba8 23. Rf1 f6 24. Nc3 Rb8 25. Ne4 Ke7 26. Nf2 h5 27. Nd1 c4 28. Ne3
cxd3 29. Qxd3 a5 30. Qa6 Bc5 31. Bxc5 Qxc5 32. Qc4 Rhc8 33. Qd3 Qc3 34. Be4
Qxd3 35. Bxd3 Rc5 36. Be4 Rb4 37. Kg2 Ne2 38. Bf3 Nc3 39. Ra3 Nxd5 40. Nd1
Rxc2+ 41. Rf2 Rxf2+ 42. Kxf2 Nb6 43. Bxh5 Rxa4 44. Rb3 Rb4 45. Rc3 Kd7 46. Bf7
Bd5 47. Bh5 a4 48. Ne3 Bg8 49. Rc1 a3 50. Nc2 Rb2 51. Ke1 a2 52. Be2 Rxc2 53.
Ra1 Rb2 54. Bd3 Na4 55. Kd1 Nc5 56. Bc2 Bb3 0-1

[Event "ARS Festival"]
[Site "Roma ITA"]
[Date "1995.02.??"]
[Round "?"]
[White "Casula, Stefano"]
[Black "Madeddu, Luigi"]
[Result "1-0"]
[WhiteElo "1978"]
[BlackElo "1627"]
[PlyCount "96"]
[EventDate "1995.02.??"]

1. e4 d5 2. exd5 Nf6 3. d4 g6 4. c4 b5 5. Nf3 Bg7 6. Nc3 bxc4 7. Bxc4 O-O 8.
O-O Bg4 9. h3 Bf5 10. Bf4 c6 11. Qb3 cxd5 12. Nxd5 Nbd7 13. Rfe1 Nxd5 14. Bxd5
Rc8 15. Qa3 Nf6 16. Bb7 Rc2 17. Rxe7 Nd5 18. Bxd5 Qxd5 19. Rc1 Rxc1+ 20. Bxc1
Bxh3 21. gxh3 Qf5 22. Kg2 Rc8 23. Be3 Bf8 24. Qxa7 Bxe7 25. Qxe7 Qd5 26. Qf6
Rc6 27. Qe5 Qd8 28. Bh6 f6 29. Qb5 Rb6 30. Qc4+ Kh8 31. Qf7 Qg8 32. Qxg8+ Kxg8
33. Bc1 Kf7 34. Kf1 Ke6 35. Ke2 Kd5 36. Kd3 Re6 37. a3 Rc6 38. Bd2 Rb6 39. Bc3
Rb3 40. a4 h6 41. a5 Kc6 42. Ke4 Rb5 43. b4 Rh5 44. h4 g5 45. hxg5 hxg5 46. d5+
Kb7 47. Bxf6 g4 48. Ng5 g3 1-0

[Event "ARS Festival"]
[Site "Roma ITA"]
[Date "1995.02.??"]
[Round "?"]
[White "Casula, Stefano"]
[Black "Simeone, Giulio"]
[Result "0-1"]
[WhiteElo "1978"]
[BlackElo "1651"]
[PlyCount "46"]
[EventDate "1995.02.??"]

1. e4 d6 2. d4 Nf6 3. Nc3 e6 4. Nf3 Be7 5. Bd3 b6 6. Qe2 Bb7 7. O-O Nbd7 8. a4
c5 9. Bf4 cxd4 10. Nb5 e5 11. Bd2 Nc5 12. Na3 O-O 13. a5 Nfxe4 14. a6 Bc6 15.
b4 Nxd2 16. Nxd2 Ne6 17. b5 Nf4 18. Qd1 Bxg2 19. Re1 Bh4 20. Nf1 Bxf1 21. Bxf1
Qg5+ 22. Kh1 Bxf2 23. Bh3 Bxe1 0-1